An Insight in to Green Chemistry / (Record no. 208749)
[ view plain ]
| 000 -LEADER | |
|---|---|
| fixed length control field | 02185nam a22001697a 4500 |
| 010 ## - LCCN (DPL NO) | |
| LC control number | ENG-143545 |
| 020 ## - INTERNATIONAL STANDARD BOOK NUMBER | |
| International Standard Book Number | 9788193984871 |
| Terms of availability | 170.00 |
| 035 ## - SYSTEM CONTROL NUMBER | |
| System control number | EN-127077 |
| 037 ## - SOURCE OF ACQUISITION | |
| Source of stock number/acquisition | DBAD |
| 082 ## - DEWEY DECIMAL CLASSIFICATION NUMBER | |
| Classification number | 543.08582 |
| 100 ## - MAIN ENTRY--PERSONAL NAME | |
| Personal name | Bandyopadhyay, Chandrakanta |
| 245 ## - TITLE STATEMENT | |
| Title | An Insight in to Green Chemistry / |
| Statement of responsibility, etc | by Chandrakanta Bandyopadhyay |
| 260 ## - PUBLICATION, DISTRIBUTION, ETC. (IMPRINT) | |
| Place of publication, distribution, etc | Kolkata |
| Name of publisher, distributor, etc | Books and Allied |
| Date of publication, distribution, etc | 2019 |
| 270 ## - ADDRESS | |
| Address | No.1-E(1) Shubham Plaza (1st Floor) 83/1, Beliaghata Main Road, Kolkata, |
| City | Kolkata |
| Postal code | 700010 |
| 300 ## - PHYSICAL DESCRIPTION | |
| Extent | 210p.: |
| Other physical details | illus. |
| Dimensions | 24cm(Pbk) |
| 942 ## - ADDED ENTRY ELEMENTS (KOHA) | |
| Source of classification or shelving scheme | Dewey Decimal Classification |
| Item type | English Books |
| Classification part | 543.08582 |
| Call number suffix | BAN |
| Withdrawn status | Lost status | Not for loan | Collection code | Home library | Current library | Date acquired | Source of acquisition | Cost, normal purchase price | Full call number | Barcode | Copy number | Cost, replacement price | Koha item type |
|---|---|---|---|---|---|---|---|---|---|---|---|---|---|
| Non-fiction | Vinoba Puri | Vinoba Puri | 24/01/2025 | DBAD | 170.00 | 543.08582 BAN | EN-127077 | 1 | 170.00 | English Books |
